| 000 | 00849nmm a2200289 a 4500 | ||
|---|---|---|---|
| 003 | AR-BaBNM | ||
| 005 | 20251128211412.0 | ||
| 008 | 054020s2001 ||||||||||||||000 | spa|| | ||
| 020 | _a987-9452-53-4 | ||
| 040 | _cAR-BaBNM | ||
| 100 | 1 | _aPetit, Cristina M. | |
| 245 | 1 | 0 |
_aTelevisión _bla caja que socializa. Los medios de comunicación y la construcción de la cotidianeidad |
| 250 | _a1ª ed. | ||
| 260 |
_aCórdoba _bBrujas _c2001 |
||
| 300 | 0 | _a207 p. | |
| 504 | _aContiene referencias bibliográficas | ||
| 650 | 4 | _aSOCIOLOGIA CULTURAL | |
| 650 | 4 | _aMEDIOS AUDIOVISUALES | |
| 650 | 4 | _aMEDIOS DE COMUNICACION DE MASAS | |
| 700 | 1 |
_aPetit, Cristina M. _ecoordinador |
|
| 700 | 1 | _aVirdó, Enrique R. | |
| 700 | 1 | _aYurman, Judith | |
| 700 | 1 | _aJure, Renato | |
| 700 | 1 | _aBellavía, Trinidad | |
| 942 | _cBK | ||
| 998 | _cEugenia | ||
| 999 |
_c19536 _d19536 |
||